Zákon č.563/1991 Zb. o účtovníctve
Úplné znenie zákona č. 563/1991 Zb. o účtovníctve. Paragrafy 35 až 40 Obchodného zákonníka týkajúce sa podnikateľov.
Na minha lista:
| Formato: | Capítulo de Livro |
|---|---|
| Idioma: | eslovaco |
| Assuntos: | |
| Tags: |
Sem tags, seja o primeiro a adicionar uma tag!
|
MARC
| LEADER | 00000naa a2200000 4500 | ||
|---|---|---|---|
| 001 | r022926 | ||
| 005 | 20221213095441.1 | ||
| 041 | 0 | |a slo | |
| 044 | |a SK | ||
| 245 | 1 | 0 | |a Zákon č.563/1991 Zb. o účtovníctve |
| 520 | |a Úplné znenie zákona č. 563/1991 Zb. o účtovníctve. Paragrafy 35 až 40 Obchodného zákonníka týkajúce sa podnikateľov. | ||
| 610 | 2 | 0 | |a zákony |
| 610 | 2 | 0 | |a Slovensko |
| 610 | 2 | 0 | |a účtovníctvo |
| 610 | 2 | 0 | |a 1991 |
| 610 | 2 | 0 | |a zákonník obchodný |
| 610 | 2 | 0 | |a podnikatelia |